Classical apologetics : (Record no. 847)

MARC details
000 -LEADER
fixed length control field 01135pam a2200313 a 4500
001 - CONTROL NUMBER
control field 3769872
003 - CONTROL NUMBER IDENTIFIER
control field GBCCL
005 - DATE AND TIME OF LATEST TRANSACTION
control field 20241126110347.0
008 - FIXED-LENGTH DATA ELEMENTS--GENERAL INFORMATION
fixed length control field 831209s1984 miu b 001 0 eng
010 ## -
-- 83026020
020 ## - INTERNATIONAL STANDARD BOOK NUMBER
International Standard Book Number 0310449510 (pbk.)
040 ## - CATALOGING SOURCE
Original cataloging agency DLC
Transcribing agency DLC
Modifying agency DLC
050 00 -
-- BT1102
-- .S586 1984
082 00 - DEWEY DECIMAL CLASSIFICATION NUMBER
Classification number 239
Edition information 19
Item number SPR
100 1# - MAIN ENTRY--PERSONAL NAME
Personal name Sproul, R. C.
Fuller form of name (Robert Charles),
Dates associated with a name 1939-
9 (RLIN) 1291
245 10 - TITLE STATEMENT
Title Classical apologetics :
Remainder of title a rational defense of the Christian faith and a critique of presuppositional apologetics /
Statement of responsibility, etc. R.C. Sproul, John Gerstner, Arthur Lindsley.
260 ## - PUBLICATION, DISTRIBUTION, ETC.
Place of publication, distribution, etc. Grand Rapids, Mich. :
Name of publisher, distributor, etc. Zondervan,
Date of publication, distribution, etc. c1984.
300 ## - PHYSICAL DESCRIPTION
Extent x, 364 p. ;
Dimensions 22 cm.
500 ## - GENERAL NOTE
General note "Academie books."
504 ## - BIBLIOGRAPHY, ETC. NOTE
Bibliography, etc. note Bibliography: p. 339-356.
504 ## - BIBLIOGRAPHY, ETC. NOTE
Bibliography, etc. note Includes index.
650 #0 - SUBJECT ADDED ENTRY--TOPICAL TERM
Topical term or geographic name entry element Apologetics.
9 (RLIN) 85
650 #0 - SUBJECT ADDED ENTRY--TOPICAL TERM
Topical term or geographic name entry element Natural theology.
9 (RLIN) 1292
700 1# - ADDED ENTRY--PERSONAL NAME
Personal name Gerstner, John H.
Fuller form of name (John Henry),
Dates associated with a name 1914-1996.
9 (RLIN) 1293
700 1# - ADDED ENTRY--PERSONAL NAME
Personal name Lindsley, Arthur.
9 (RLIN) 1294
856 42 - ELECTRONIC LOCATION AND ACCESS
Materials specified Publisher description
Uniform Resource Identifier <a href="http://www.loc.gov/catdir/enhancements/fy0633/83026020-d.html">http://www.loc.gov/catdir/enhancements/fy0633/83026020-d.html</a>
906 ## - LOCAL DATA ELEMENT F, LDF (RLIN)
a 7
b cbc
c orignew
d 1
e ocip
f 19
g y-gencatlg
942 ## - ADDED ENTRY ELEMENTS (KOHA)
Source of classification or shelving scheme Dewey Decimal Classification
Koha item type Books
Koha issues (borrowed), all copies 7
Holdings
Withdrawn status Lost status Source of classification or shelving scheme Damaged status Not for loan Home library Current Library Shelving location Date acquired Total checkouts Total renewals Full call number Barcode Date last seen Date last checked out Copy number Price effective from Koha item type
    Dewey Decimal Classification     GRACE BIBLE COLLEGE GRACE BIBLE COLLEGE Theology 2017-03-21 10 2 239 SPR 005091 2025-05-01 2024-12-16 c.1 2017-03-21 Books
© Grace Bible College Library 2025